000 00378pab a2200145 454500
008 180718b2003-04 xxu||||| |||| 00| 0 eng d
100 _aGram, Joanne
245 _aNew approaches to human resource forecasting in the public sector
260 _c2003-04
300 _ap.14-16.
362 _aWinter
650 _aHuman resources
773 _aPublic Manager
909 _a61538
999 _c61538
_d61538